| 000 | 00492cam a2200205 4500 | ||
|---|---|---|---|
| 008 | 090401t1999 xxu||||| |||| 00| 0 eng d | ||
| 020 | _a0905099494 | ||
| 035 | _a(Sirsi) u98305 | ||
| 041 | _aeng | ||
| 050 | _a346.4104342 | ||
| 100 | _aLuba, Jan | ||
| 245 | _aRepairs: tenants rights. | ||
| 250 | _a3rd ed. | ||
| 260 |
_aLondon _bLegal Action Group _c1999 |
||
| 300 | _axxxvii, 382p. ; 21cm. | ||
| 350 | _a29.00 | ||
| 700 | _aKnafler, Stephen | ||
| 942 | _n0 | ||
| 948 | _c18/03/1997 | ||
| 999 |
_c99155 _d99155 |
||